Handbook of marketing scales (Record no. 5417)

MARC details
000 -CABECERA
campo de control de longitud fija 04650cam a2200349 a 4500
001 - NÚMERO DE CONTROL
campo de control 4897499
003 - IDENTIFICADOR DEL NÚMERO DE CONTROL
campo de control CaAEU
005 - FECHA Y HORA DE LA ÚLTIMA TRANSACCIÓN
campo de control 20260313114043.0
008 - DATOS DE LONGITUD FIJA--INFORMACIÓN GENERAL
campo de control de longitud fija 100624s2011 cau b 001 0 eng
010 ## - NÚMERO DE CONTROL DE LA BIBLIOTECA DEL CONGRESO
Número de control de LC 2010026666
020 ## - NÚMERO INTERNACIONAL ESTÁNDAR DEL LIBRO
Número Internacional Estándar del Libro 9781412980180 (cloth)
020 ## - NÚMERO INTERNACIONAL ESTÁNDAR DEL LIBRO
Número Internacional Estándar del Libro 1412980186 (cloth)
035 ## - NÚMERO DE CONTROL DEL SISTEMA
Número de control de sistema ocn641528345
040 ## - FUENTE DE LA CATALOGACIÓN
Centro catalogador/agencia de origen DLC
Centro/agencia transcriptor DLC
Centro/agencia modificador YDX
-- BTCTA
-- YDXCP
-- AEU
041 ## - CÓDIGO DE LENGUA
Código de lengua del texto/banda sonora o título independiente English
049 ## - FONDOS LOCALES (OCLC)
Fondos de biblioteca UABA
050 00 - SIGNATURA TOPOGRÁFICA DE LA BIBLIOTECA DEL CONGRESO
Número de clasificación HF5415.3
Número de documento/Ítem .B323 2011
245 00 - MENCIÓN DE TÍTULO
Título Handbook of marketing scales
Resto del título : multi-item measures for marketing and consumer behavior research
Mención de responsabilidad, etc. / [edited by] William O. Bearden, Richard G. Netemeyer, Kelly L. Haws.
250 ## - MENCIÓN DE EDICIÓN
Mención de edición Third Edition
260 ## - PUBLICACIÓN, DISTRIBUCIÓN, ETC.
Lugar de publicación, distribución, etc. Thousand Oaks, Calif. :
Nombre del editor, distribuidor, etc. SAGE,
Fecha de publicación, distribución, etc. c2011.
300 ## - DESCRIPCIÓN FÍSICA
Extensión xiv, 603 p. ;
Dimensiones 29 cm.
500 ## - NOTA GENERAL
Nota general Published in cooperation with the Association for Consumer Research.
504 ## - NOTA DE BIBLIOGRAFÍA, ETC.
Nota de bibliografía, etc. Includes bibliographical references and index.
505 ## - NOTA DE CONTENIDO CON FORMATO
Nota de contenido con formato Criteria for Scale Deletions/Additions — Search Procedures — Format of the Book and Presentation of Measures — Caveats and Cautions — Evaluation of Measures — Reliability — Construct Validity — Other Issues to Consider — Summary — References.<br/><br/>Traits and Individual Difference Variables — Scales Related to Interpersonal Orientation, Needs/Preferences, and Self-Concept — Scales Related to Consumer Compulsiveness and Impulsiveness — Scales Related to Country Image and Affiliation — Scales Related to Consumer Opinion Leadership and Opinion Seeking — Scales Related to Innovativeness — Scales Related to Consumer Social Influence.<br/><br/>Values and Goals — General Values — Appendix to General Values — Values Related to Environmentalism and Socially Responsible Consumption — Values Related to Materialism and Possessions/Objects — Appendix to Materialism and Possessions/Objects — Values Related to Goal Orientations and Planning.<br/><br/>Involvement, Information Processing, and Affect — Involvement General to Several Product Classes — Purchasing Involvement — Scales Related to Information Processing: Optimal Stimulation Measures — Scales Related to Processing Style — Scales Related to Affect.<br/><br/>Reactions to Marketing Stimuli — Measures Related to Ad Emotions and Ad Content — Measures Related to Brand/Product Responses and Shopping Styles — Measures Related to Pricing Responses.<br/><br/>Attitudes About the Performance of Business Firms, Satisfaction and Post-Purchase Behavior, Social Agencies, and the Marketplace — Consumer Attitudes Toward Business Practices and Marketing — Scales Related to Post-Purchase Behavior: Consumer Discontent — Business Attitudes Toward the Marketplace.<br/><br/>Sales, Sales Management, Organizational Behavior, and Interfirm-Intrafirm Issues — Job Satisfaction Measures — Role Perceptions/Conflict — Job Burnout/Tension — Performance Measures — Control and Leadership — Organizational Commitment — Sales/Selling Approaches — Inter-/Intrafirm Issues of Influence and Power — Other Measures Related to Interfirm Issues — Index.
520 ## - SUMARIO, ETC.
Sumario, etc. The Handbook of Marketing Scales, Third Edition, represents a clear and user-friendly collection of multi-item, self-report measures developed and frequently used in consumer behavior and marketing research.<br/><br/>Key Features<br/><br/>More than 150 scales are included in the Handbook. Many scales were originally published in marketing and consumer journals, and including them in one volume helps reduce the time it takes researchers to locate instruments for survey research.<br/>More than 70 new scales have been added to the Third Edition. New scales were selected based upon actual usage and citations by researchers in articles where a major objective was scale development.<br/>Each scale is prefaced by the same information. Details are provided of construct, description, development, samples, validity, scores, sources, references, and other evidence.<br/>The book includes a number of measures that have been used in several studies. The volume serves as a guide to the literature and may spur further refinement of existing measures in terms of item reduction, dimensionality, reliability, and validity.<br/>This Handbook also aims to help identify areas where measures are needed, thus encouraging further development of valid measures of consumer behavior and marketing constructs.
650 #0 - PUNTO DE ACCESO ADICIONAL DE MATERIA--TÉRMINO DE MATERIA
Término de materia o nombre geográfico como elemento de entrada Marketing research
9 (RLIN) 1465
650 #0 - PUNTO DE ACCESO ADICIONAL DE MATERIA--TÉRMINO DE MATERIA
Término de materia o nombre geográfico como elemento de entrada Consumer behavior
Subdivisión general Research
9 (RLIN) 24417
700 ## - ENTRADA AGREGADA--NOMBRE PERSONAL
Nombre de persona Bearden, William O.,
Títulos y otros términos asociados al nombre Handbook of marketing scales.
Fechas asociadas al nombre 1945-
Título de la obra Handbook of marketing scales.
700 ## - ENTRADA AGREGADA--NOMBRE PERSONAL
Nombre de persona Netemeyer, Richard G.,
Fechas asociadas al nombre 1956-
9 (RLIN) 26880
700 ## - ENTRADA AGREGADA--NOMBRE PERSONAL
Nombre de persona Haws, Kelly L.
9 (RLIN) 26881
942 ## - ELEMENTOS DE ENTRADA AGREGADA (KOHA)
Fuente del sistema de clasificación o colocación Clasificación de Library of Congress
Holdings
Estado de retiro Estado de pérdida Fuente del sistema de clasificación o colocación Estado dañado No para préstamo Biblioteca de origen Biblioteca actual Fecha de adquisición Total de préstamos Signatura topográfica completa Código de barras Fecha visto por última vez Número de copia Precio válido a partir de Tipo de ítem Koha
    Clasificación de Library of Congress     TBS Barcelona TBS Barcelona 13/03/2026   HF5415.3 BEA B09003 13/03/2026 1 13/03/2026 Book

Powered by Koha